000 00471nam a2200181Ia 4500
001 23478
005 20260414150939.0
008 260414t2008||||xx |||||||||||||| ||spa||
041 _aESP
082 _a650.1
_bL92
100 _aLouffat, Enrique [1967-...]
_eAUT
245 0 _aAdministración de carreras :
_bpropuestas individual y corporativa
260 _c2008
300 _a205 páginas :
_c21 cm.
650 _aGEN
654 _aCCO
942 _cLIB
_dJUS
_fJUS
_2ddc
_n
999 _c23478
_d23478